[Event "TCh-ESP Div Honor 2015"]
[Site "Linares ESP"]
[Date "2015.08.15"]
[Round "1.4"]
[Board "5"]
[White "Moreno Ruiz, Javier"]
[Black "Almagro Llamas, Pablo"]
[Result "0-1"]
[WhiteTitle "IM"]
[BlackTitle "IM"]
[WhiteElo "2467"]
[BlackElo "2433"]
[WhiteTeam "Ajedrez Collado Villalba"]
[BlackTeam "Chess24-VTI-Atocha"]
[WhiteFideId "2203146"]
[BlackFideId "2221799"]
[EventDate "2015.08.15"]

1. d4 Nf6 2. c4 e6 3. Nc3 Bb4 4. e3 O-O 5. Ne2 Re8 6. a3 Bf8 7. Ng3 d5 8. Be2 g6
9. e4 Nxe4 10. Ngxe4 dxe4 11. Nxe4 Nc6 12. Bg5 Be7 13. Be3 f5 14. Nc3 Bf6 15. d5
exd5 16. cxd5 Ne5 17. O-O Nf7 18. Bb5 Bd7 19. Qb3 Nd6 20. Bxd7 Qxd7 21. Rfe1 Re7
22. Bd2 Rae8 23. h3 Rxe1+ 24. Rxe1 Rxe1+ 25. Bxe1 f4 26. Qd1 Qf5 27. f3 a6 28.
Qe2 Qe5 29. b3 Qxe2 30. Nxe2 g5 31. Kf2 Kf7 32. g3 fxg3+ 33. Kxg3 Nf5+ 34. Kg4
Kg6 35. f4 Ne3+ 36. Kf3 Nxd5 37. fxg5 Kxg5 38. Ke4 c6 39. a4 Bb2 40. Ng1 Nf6+
41. Ke3 Kf5 42. Ne2 Nd5+ 43. Kf3 Be5 44. Bd2 Nc7 45. Bc1 Ne6 46. Be3 Bd6 47.
Nd4+ Nxd4+ 48. Bxd4 Bf4 49. Bb6 Bg5 50. Bc7 Bf6 51. Bg3 b5 52. axb5 cxb5 53. Bc7
Bc3 54. Bb6 Ke5 55. Ke3 a5 56. Bc7+ Kd5 57. Kd3 Bb4 58. Bf4 h5 59. Bc1 Be7 60.
Bd2 a4 61. bxa4 bxa4 62. Bc1 Ke5 63. Ke2 Ke4 64. Bb2 Kf4 65. Kf2 Bc5+ 66. Kg2
Ke4 67. Kg3 Bd4 68. Ba3 Bf6 69. Kf2 Kd3 70. Kf3 Kc2 71. Ke2 Bc3 72. Bf8 Kb3 73.
Kd1 Bb4 74. Bg7 a3 75. Kc1 a2 0-1

[Event "TCh-ESP Div Honor 2015"]
[Site "Linares ESP"]
[Date "2015.08.15"]
[Round "1.4"]
[Board "6"]
[White "Martinez Martin, David"]
[Black "Touzane, Olivier"]
[Result "1-0"]
[WhiteTitle "IM"]
[BlackTitle "IM"]
[WhiteElo "2408"]
[BlackElo "2339"]
[WhiteTeam "Chess24-VTI-Atocha"]
[BlackTeam "Ajedrez Collado Villalba"]
[WhiteFideId "2209748"]
[BlackFideId "602906"]
[EventDate "2015.08.15"]

1. Nf3 g6 2. e4 Bg7 3. d4 d6 4. Nc3 a6 5. Be3 b5 6. h4 h6 7. Bd3 Nd7 8. a4 b4 9.
Ne2 e5 10. h5 g5 11. Bc4 Ne7 12. a5 Bb7 13. Ng3 Nf6 14. dxe5 Nxe4 15. Nxe4 Bxe4
16. exd6 cxd6 17. Bd4 Bxf3 18. Qxf3 O-O 19. Bxg7 Kxg7 20. O-O Qc7 21. Bd3 Ng8
22. Qe4 Nf6 23. Qxb4 Rfb8 24. Qd4 Qc5 25. Qxc5 dxc5 26. b3 Nxh5 27. Bc4 Nf4 28.
Rfd1 Re8 29. Rd7 Ne6 30. Rad1 Nd4 31. Rxf7+ Kg6 32. Rb7 Red8 33. Re1 Nxc2 34.
Re6+ Kf5 35. Rf7+ Kg4 36. Be2+ 1-0

[Event "TCh-ESP Div Honor 2015"]
[Site "Linares ESP"]
[Date "2015.08.16"]
[Round "2.1"]
[Board "1"]
[White "Van Wely, Loek"]
[Black "Anton Guijarro, David"]
[Result "1-0"]
[WhiteTitle "GM"]
[BlackTitle "GM"]
[WhiteElo "2654"]
[BlackElo "2635"]
[WhiteTeam "Gros Xake Taldea"]
[BlackTeam "Chess24-VTI-Atocha"]
[WhiteFideId "1000268"]
[BlackFideId "2285525"]
[EventDate "2015.08.15"]

1. d4 f5 2. Nc3 Nf6 3. Bg5 d5 4. e3 e6 5. Nf3 Bd7 6. g4 h6 7. Bxf6 Qxf6 8. gxf5
Bb4 9. Ne5 O-O 10. Rg1 Qxf5 11. f4 Be8 12. Rg3 c5 13. Bh3 Qf6 14. Qg4 cxd4 15.
exd4 Nc6 16. O-O-O Bxc3 17. bxc3 Qxf4+ 18. Qxf4 Rxf4 19. Bxe6+ Kf8 20. Nd3 Rf6
21. Bxd5 Rd8 22. Bb3 b6 23. Rdg1 g6 24. Kb2 Bf7 25. Rg4 Re8 26. h4 Bxb3 27. axb3
Kf7 28. R1g2 a5 29. c4 h5 30. Rg5 Nxd4 31. Ne5+ Ke6 32. Nxg6 Rf5 33. c3 Rxg5 34.
hxg5 Nf3 35. Nf4+ Kf5 36. Nxh5 Kg6 37. Nf4+ Kf5 38. Nd5 Nxg5 39. Rf2+ Kg4 40.
Nxb6 Ne4 41. Nd5 Nxf2 42. Nf6+ Kf3 43. Nxe8 Nd3+ 44. Ka3 Ke3 45. Nd6 Kd2 46.
Ne4+ Kc2 47. c5 Ne5 48. c4 Nc6 49. Ka4 Nd4 50. Nd6 Kb2 51. Nb7 Nxb3 52. c6 Nd2
53. Nd6 1-0

[Event "TCh-ESP Div Honor 2015"]
[Site "Linares ESP"]
[Date "2015.08.16"]
[Round "2.1"]
[Board "2"]
[White "Gustafsson, Jan"]
[Black "Naiditsch, Arkadij"]
[Result "1/2-1/2"]
[WhiteTitle "GM"]
[BlackTitle "GM"]
[WhiteElo "2630"]
[BlackElo "2685"]
[WhiteTeam "Chess24-VTI-Atocha"]
[BlackTeam "Gros Xake Taldea"]
[WhiteFideId "4625498"]
[BlackFideId "4650891"]
[EventDate "2015.08.15"]

1. Nf3 d5 2. d4 Nf6 3. c4 e6 4. Nc3 Nbd7 5. Bf4 dxc4 6. e3 b5 7. Nxb5 Bb4+ 8.
Nc3 Nd5 9. a3 Nxc3 10. Qd2 Nd5 11. axb4 Nxf4 12. exf4 Bb7 13. Be2 Nb6 14. O-O
Qd6 15. Rfc1 O-O 16. Ne5 Rfd8 17. Nxc4 Nxc4 18. Bxc4 Qxd4 19. Qxd4 Rxd4 20. f5
Bc8 21. fxe6 Bxe6 22. Bxe6 fxe6 23. Rxc7 Rxb4 24. Rd1 Rxb2 25. f3 Kh8 26. Rdd7
Rb1+ 27. Kf2 Rb2+ 28. Kg3 Rg8 29. Rxa7 Rbb8 30. h4 h6 31. Re7 Rbe8 32. Kg4 Kh7
33. f4 Kh8 34. Kh5 Rxe7 35. Rxe7 Rf8 36. Kg4 Rf6 37. Re8+ Kh7 38. h5 g6 39. Re7+
Kg8 40. g3 Kh8 41. Kh4 gxh5 42. Kxh5 Kg8 43. Ra7 Kh8 44. Re7 Kg8 45. Ra7 Kh8 46.
Re7 Kg8 47. Ra7 1/2-1/2

[Event "TCh-ESP Div Honor 2015"]
[Site "Linares ESP"]
[Date "2015.08.16"]
[Round "2.1"]
[Board "4"]
[White "Rubio Mejia, Luis Ignacio"]
[Black "Gonzalez De La Torre, Santiago"]
[Result "1/2-1/2"]
[WhiteTitle "IM"]
[BlackTitle "IM"]
[WhiteElo "2458"]
[BlackElo "2438"]
[WhiteTeam "Chess24-VTI-Atocha"]
[BlackTeam "Gros Xake Taldea"]
[WhiteFideId "2281228"]
[BlackFideId "2221667"]
[EventDate "2015.08.15"]

1. d4 d5 2. c4 c6 3. Nf3 Nf6 4. e3 Bf5 5. Nc3 e6 6. Nh4 Bg6 7. Qb3 Qc7 8. Nxg6
hxg6 9. g3 Nbd7 10. Bg2 Nb6 11. cxd5 exd5 12. Qc2 Be7 13. b3 Qd7 14. Bb2 Nc8 15.
O-O Nd6 16. Rfe1 O-O 17. Na4 Rfe8 18. Nc5 Qc7 19. f3 Nd7 20. e4 dxe4 21. fxe4
Nxc5 22. dxc5 Nc8 23. e5 Bf8 24. e6 Rxe6 25. Rxe6 fxe6 26. Bh3 Kh7 27. Re1 Ne7
28. Bxe6 Nf5 29. Re5 Rd8 30. g4 Bxc5+ 31. Qxc5 Rd1+ 32. Kf2 Rd2+ 33. Ke1 Qd8 34.
gxf5 Rd1+ 35. Kf2 Qd2+ 36. Kg3 Qg5+ 37. Kf3 Qh5+ 38. Kg3 Qg5+ 39. Kf3 Qh5+ 1/2-1/2

[Event "TCh-ESP Div Honor 2015"]
[Site "Linares ESP"]
[Date "2015.08.16"]
[Round "2.1"]
[Board "5"]
[White "Argandona Riveiro, Inigo"]
[Black "Almagro Llamas, Pablo"]
[Result "1/2-1/2"]
[WhiteTitle "IM"]
[BlackTitle "IM"]
[WhiteElo "2429"]
[BlackElo "2433"]
[WhiteTeam "Gros Xake Taldea"]
[BlackTeam "Chess24-VTI-Atocha"]
[WhiteFideId "2212072"]
[BlackFideId "2221799"]
[EventDate "2015.08.15"]

1. Nf3 Nf6 2. c4 e6 3. g3 d5 4. Bg2 Be7 5. O-O O-O 6. d4 dxc4 7. Qa4 a6 8. Qxc4
b5 9. Qc2 Bb7 10. Bd2 Be4 11. Qc1 Nc6 12. Be3 Na5 13. Nbd2 Bd5 14. a3 b4 15.
axb4 Bxb4 16. Ra4 Qb8 17. Qc2 Rc8 18. Bg5 c5 19. Bxf6 gxf6 20. dxc5 Rxc5 21. Qd3
Qb5 22. Rfa1 Qxd3 23. exd3 Nc6 24. Nc4 Rd8 25. Rxa6 Bxc4 26. dxc4 Rxc4 27. h4
Rc2 28. Ra8 Bc5 29. Ne1 Bxf2+ 30. Kf1 Bxe1 31. Bxc6 Rxa8 32. Rxa8+ Kg7 33. Kxe1
Rxc6 34. Kd2 f5 35. Kd3 e5 36. b4 Rg6 37. b5 Rxg3+ 38. Kc4 Rg1 39. Ra3 Rc1+ 40.
Rc3 Rb1 41. Rb3 Rc1+ 42. Rc3 Rb1 43. Rb3 Rc1+ 44. Rc3 1/2-1/2

[Event "TCh-ESP Div Honor 2015"]
[Site "Linares ESP"]
[Date "2015.08.16"]
[Round "2.1"]
[Board "6"]
[White "Martinez Martin, David"]
[Black "Etchegaray, Patrice"]
[Result "1-0"]
[WhiteTitle "IM"]
[BlackTitle "IM"]
[WhiteElo "2408"]
[BlackElo "2393"]
[WhiteTeam "Chess24-VTI-Atocha"]
[BlackTeam "Gros Xake Taldea"]
[WhiteFideId "2209748"]
[BlackFideId "601047"]
[EventDate "2015.08.15"]

1. Nf3 Nf6 2. c4 g6 3. g3 Bg7 4. Bg2 O-O 5. d4 d6 6. O-O Nc6 7. Nc3 a6 8. Bf4
Rb8 9. Rc1 Bd7 10. Qd2 Re8 11. Bh6 Bh8 12. h3 Qc8 13. g4 b5 14. Nd5 b4 15. Qf4
Nd8 16. Ng5 Nxd5 17. cxd5 f6 18. Ne6 Nxe6 19. dxe6 Bxe6 20. d5 Bf7 21. Rc6 b3
22. axb3 Rxb3 23. Rfc1 Rxb2 24. Rxc7 Qb8 25. e4 Rb1 26. Bf1 Rxc1 27. Qxc1 f5 28.
gxf5 Bb2 29. Qc6 Bd4 30. Bb5 gxf5 31. Qc4 Bf6 32. Bxe8 Qb1+ 33. Bc1 Bxe8 34. Rc8
Kf7 35. Qe2 Kg6 36. exf5+ Kg7 37. Qg4+ Bg6 38. fxg6 hxg6 39. Kg2 Qd3 40. Qe6 1-0

[Event "TCh-ESP Div Honor 2015"]
[Site "Linares ESP"]
[Date "2015.08.16"]
[Round "2.2"]
[Board "2"]
[White "Fier, Alexandr"]
[Black "Nisipeanu, Liviu-Dieter"]
[Result "1/2-1/2"]
[WhiteTitle "GM"]
[BlackTitle "GM"]
[WhiteElo "2636"]
[BlackElo "2667"]
[WhiteTeam "Ajedrez Collado Villalba"]
[BlackTeam "Merida Patrimonio Humanidad"]
[WhiteFideId "2107139"]
[BlackFideId "1202758"]
[EventDate "2015.08.15"]

1. d4 Nf6 2. c4 e6 3. Nc3 Bb4 4. Qc2 O-O 5. e4 d6 6. e5 dxe5 7. dxe5 Ng4 8. a3
Bc5 9. Ne4 Bd4 10. Nf3 Nxe5 11. Nxd4 Qxd4 12. Be3 Qd7 13. Be2 f5 14. f4 Ng6 15.
Nc3 Nc6 16. Rd1 Qf7 17. O-O e5 18. fxe5 Ncxe5 19. b3 f4 20. Bc5 Re8 21. Qc1 Bg4
22. Bxg4 Nxg4 23. Nd5 Re4 24. Rd4 Rae8 25. Rxe4 Rxe4 26. h3 b6 27. Bxb6 axb6 28.
hxg4 c6 29. Nc3 Re8 30. Re1 Rf8 31. Qd2 f3 32. Qf2 Nh4 33. g3 Ng6 34. Nd1 Qd7
35. Qe3 Qxg4 36. Qe6+ Qxe6 37. Rxe6 Rd8 38. Nf2 Rd2 1/2-1/2

[Event "TCh-ESP Div Honor 2015"]
[Site "Linares ESP"]
[Date "2015.08.16"]
[Round "2.2"]
[Board "3"]
[White "Saric, Ivan"]
[Black "Vazquez Igarza, Renier"]
[Result "1-0"]
[WhiteTitle "GM"]
[BlackTitle "GM"]
[WhiteElo "2661"]
[BlackElo "2581"]
[WhiteTeam "Merida Patrimonio Humanidad"]
[BlackTeam "Ajedrez Collado Villalba"]
[WhiteFideId "14508150"]
[BlackFideId "3503054"]
[EventDate "2015.08.15"]

1. e4 c5 2. Nf3 e6 3. d4 cxd4 4. Nxd4 a6 5. Bd3 Qc7 6. O-O Nf6 7. Qe2 d6 8. c4
Be7 9. Nc3 O-O 10. f4 Nbd7 11. Kh1 b6 12. Bd2 Bb7 13. Rae1 Rad8 14. Nf3 g6 15.
f5 exf5 16. exf5 Ne5 17. Nxe5 dxe5 18. Bg5 Rd4 19. fxg6 fxg6 20. c5 Bxg2+ 21.
Qxg2 Rxd3 22. cxb6 Qxb6 23. Rxe5 Qd6 24. Rfe1 Bd8 25. Bh6 Qd7 26. Bxf8 Kxf8 27.
Ne4 Qd4 28. Nc5 Qxe5 29. Rxe5 Rd1+ 30. Qg1 Rxg1+ 31. Kxg1 Bb6 32. Kg2 Ng4 33.
Nd7+ Kf7 34. Re4 1-0

[Event "TCh-ESP Div Honor 2015"]
[Site "Linares ESP"]
[Date "2015.08.16"]
[Round "2.2"]
[Board "4"]
[White "Arribas Lopez, Angel"]
[Black "Landa, Konstantin"]
[Result "1-0"]
[WhiteTitle "GM"]
[BlackTitle "GM"]
[WhiteElo "2559"]
[BlackElo "2624"]
[WhiteTeam "Ajedrez Collado Villalba"]
[BlackTeam "Merida Patrimonio Humanidad"]
[WhiteFideId "2283352"]
[BlackFideId "4101685"]
[EventDate "2015.08.15"]

1. e4 e5 2. Nf3 Nf6 3. d4 Nxe4 4. Bd3 d5 5. Nxe5 Nd7 6. Nc3 Nxe5 7. dxe5 Nxc3 8.
bxc3 Qh4 9. O-O Qg4 10. Qd2 c6 11. h3 Qh5 12. Qe3 b6 13. Qg3 Be6 14. Be3 g6 15.
Bg5 Bh6 16. Bf6 O-O 17. f4 c5 18. Rae1 c4 19. Be2 Qf5 20. Qh4 Bg7 21. Bg4 Qxc2
22. f5 Bc8 23. Bxg7 Kxg7 24. f6+ Kh8 25. Qh6 Rg8 26. e6 Bxe6 27. Bxe6 fxe6 28.
Rxe6 1-0

[Event "TCh-ESP Div Honor 2015"]
[Site "Linares ESP"]
[Date "2015.08.16"]
[Round "2.2"]
[Board "5"]
[White "Korneev, Oleg"]
[Black "Moreno Ruiz, Javier"]
[Result "1/2-1/2"]
[WhiteTitle "GM"]
[BlackTitle "IM"]
[WhiteElo "2569"]
[BlackElo "2467"]
[WhiteTeam "Merida Patrimonio Humanidad"]
[BlackTeam "Ajedrez Collado Villalba"]
[WhiteFideId "4156803"]
[BlackFideId "2203146"]
[EventDate "2015.08.15"]

1. e4 c5 2. Nf3 e6 3. d4 cxd4 4. Nxd4 Nf6 5. Nc3 Nc6 6. Ndb5 Bb4 7. a3 Bxc3+ 8.
Nxc3 d5 9. exd5 exd5 10. Bd3 O-O 11. O-O d4 12. Ne2 Bg4 13. Bg5 h6 14. Bh4 Bxe2
15. Qxe2 Re8 16. Qf3 Ne5 17. Qf5 Nxd3 18. Qxd3 Qb6 19. Bxf6 Qxf6 20. Rfe1 Rac8
21. g3 Qb6 22. Rxe8+ Rxe8 23. b3 Qc6 24. a4 a6 25. Rf1 g6 26. h4 h5 27. Qxd4
Qxc2 28. Qd5 Qe4 29. Rd1 Qxd5 30. Rxd5 Re1+ 31. Kg2 Rb1 32. Rd3 b5 33. axb5 axb5
34. Kf3 Rb2 35. Ke3 Kg7 36. f3 b4 37. Kf4 Kf6 38. Re3 Rb1 39. Rd3 Rb2 40. Re3
Rb1 41. Rd3 1/2-1/2

[Event "TCh-ESP Div Honor 2015"]
[Site "Linares ESP"]
[Date "2015.08.16"]
[Round "2.2"]
[Board "6"]
[White "Ortega Ruiz, Jose Miguel"]
[Black "Larino Nieto, David"]
[Result "0-1"]
[WhiteTitle "FM"]
[BlackTitle "GM"]
[WhiteElo "2300"]
[BlackElo "2463"]
[WhiteTeam "Ajedrez Collado Villalba"]
[BlackTeam "Merida Patrimonio Humanidad"]
[WhiteFideId "2209713"]
[BlackFideId "2256444"]
[EventDate "2015.08.15"]

1. d4 d6 2. e4 Nf6 3. Nc3 Nbd7 4. f4 e5 5. Nf3 exd4 6. Qxd4 c6 7. Be3 d5 8.
O-O-O Bc5 9. Qd2 Bxe3 10. Qxe3 dxe4 11. Nxe4 O-O 12. Bc4 Qb6 13. Rhe1 Nxe4 14.
Qxe4 Nf6 15. Qe3 Bg4 16. h3 Bxf3 17. Qxf3 Qb4 18. Qb3 a5 19. a3 Qc5 20. Re5 Qf2
21. Qe3 Qxe3+ 22. Rxe3 Rfe8 23. Re5 Kf8 24. g4 Re7 25. a4 Nd7 26. Rxe7 Kxe7 27.
Re1+ Kf8 28. Kd2 Nb6 29. Bb3 Rd8+ 30. Kc3 c5 31. Re5 Rc8 32. Re4 c4 33. Bxc4
Nxa4+ 34. Kd2 Nxb2 35. Bb5 Rd8+ 36. Kc1 Nd1 37. Rc4 Ne3 38. Rc7 b6 39. c4 f5 40.
gxf5 Nxf5 41. c5 bxc5 42. Rxc5 g6 43. Rc7 h5 44. Bd7 Nd4 45. Kb2 Ke7 46. Bc8+
Kf6 47. Ba6 Ne6 48. Rc6 Ke7 49. Rc4 Rf8 0-1

[Event "TCh-ESP Div Honor 2015"]
[Site "Linares ESP"]
[Date "2015.08.16"]
[Round "2.3"]
[Board "4"]
[White "Vallejo Pons, Francisco"]
[Black "Antipov, Mikhail Al."]
[Result "1/2-1/2"]
[WhiteTitle "GM"]
[BlackTitle "GM"]
[WhiteElo "2686"]
[BlackElo "2515"]
[WhiteTeam "Sestao Fundacion EDP"]
[BlackTeam "Magic Extremadura"]
[WhiteFideId "2205530"]
[BlackFideId "4107012"]
[EventDate "2015.08.15"]

1. Nf3 Nf6 2. c4 e6 3. g3 b6 4. Bg2 Bb7 5. d4 Bb4+ 6. Bd2 Bxd2+ 7. Qxd2 O-O 8.
Nc3 d6 9. Qc2 c5 10. d5 exd5 11. Ng5 Nc6 12. Nxd5 g6 13. Qd2 Nxd5 14. Bxd5 Qe7
15. O-O-O Nd4 16. Bxb7 Qxb7 17. h4 h6 18. e3 Nc6 19. Ne4 Nb4 20. Nf6+ Kg7 21.
Nd5 Nxa2+ 22. Kb1 Nb4 23. Qc3+ f6 24. Nxb4 cxb4 25. Qxb4 Qe4+ 26. Ka2 Rac8 27.
Rc1 d5 28. Rhd1 Rxc4 29. Rxc4 Qxc4+ 30. Qxc4 dxc4 31. Ka3 Rf7 32. Kb4 Rc7 33.
Rd4 c3 1/2-1/2

[Event "TCh-ESP Div Honor 2015"]
[Site "Linares ESP"]
[Date "2015.08.16"]
[Round "2.3"]
[Board "5"]
[White "Santos Latasa, Jaime"]
[Black "Rodshtein, Maxim"]
[Result "1/2-1/2"]
[WhiteTitle "IM"]
[BlackTitle "GM"]
[WhiteElo "2521"]
[BlackElo "2678"]
[WhiteTeam "Magic Extremadura"]
[BlackTeam "Sestao Fundacion EDP"]
[WhiteFideId "2293307"]
[BlackFideId "2806851"]
[EventDate "2015.08.15"]

1. d4 d5 2. c4 c6 3. e3 Nf6 4. Nc3 e6 5. Nf3 Nbd7 6. Bd3 dxc4 7. Bxc4 b5 8. Bd3
Bd6 9. O-O O-O 10. Qc2 Bb7 11. Ng5 h6 12. Nge4 Be7 13. Nxf6+ Nxf6 14. Ne4 Nd7
15. Bd2 a5 16. a3 e5 17. Ng3 exd4 18. exd4 c5 19. Bxb5 cxd4 20. Qf5 Nf6 21. Bd3
g6 22. Qf4 Qd5 23. f3 Ba6 24. Rfe1 g5 25. Qf5 Qxf5 26. Nxf5 Bxd3 27. Nxe7+ Kh7
28. Nc6 Rfc8 29. Nxd4 Rc4 30. Bc3 Nd5 31. Rad1 Bg6 32. Nb5 Nxc3 33. Nxc3 Rb8 34.
Rd2 Rc5 35. Re7 Kg7 36. Kf2 h5 37. Red7 Bf5 38. Rd8 Rb7 39. R8d5 Rxd5 40. Nxd5
Be6 41. Nc3 h4 42. Ne4 Kg6 43. Ke3 Rb3+ 44. Kf2 Rb5 45. h3 f5 46. Nc3 Rb6 47.
Ke3 Kf6 48. Ne2 Bc4 49. Kd4 Rd6+ 50. Kc3 Rc6 51. Nd4 Rc8 52. b4 Bf1+ 53. Kb3
axb4 54. axb4 Ke5 55. b5 Kf4 56. Kb4 Rc4+ 57. Ka5 Ke3 58. Nb3 Rc8 59. b6 Bc4 60.
Rb2 Bd5 61. Kb5 Kf4 62. Nd2 Rc1 63. Nb3 Rc8 64. Na5 Kg3 65. Rd2 Ba8 66. b7 Rb8
67. Kc6 Bxb7+ 68. Nxb7 g4 69. Nd6 gxh3 70. gxh3 f4 71. Kd5 Kxf3 72. Rd3+ Kg2 73.
Ke4 Rb4+ 74. Kf5 f3 75. Ne4 Kxh3 76. Rxf3+ Kg2 77. Ra3 h3 78. Ra2+ Kg1 79. Nd2
Kf2 80. Ne4+ Kg1 81. Ng5 Rb3 82. Nxh3+ 1/2-1/2

[Event "TCh-ESP Div Honor 2015"]
[Site "Linares ESP"]
[Date "2015.08.16"]
[Round "2.3"]
[Board "6"]
[White "Salgado Lopez, Ivan"]
[Black "Moreno Tejera, Emilio"]
[Result "1-0"]
[WhiteTitle "GM"]
[BlackTitle "IM"]
[WhiteElo "2615"]
[BlackElo "2444"]
[WhiteTeam "Sestao Fundacion EDP"]
[BlackTeam "Magic Extremadura"]
[WhiteFideId "2257327"]
[BlackFideId "2227584"]
[EventDate "2015.08.15"]

1. e4 c5 2. Nf3 d6 3. Bb5+ Bd7 4. Bxd7+ Qxd7 5. O-O Nc6 6. Qe2 g6 7. c3 Bg7 8.
Rd1 Nf6 9. d3 O-O 10. a3 b5 11. Nbd2 Nh5 12. Nf1 e5 13. a4 b4 14. Bd2 bxc3 15.
bxc3 Nf4 16. Bxf4 exf4 17. Qc2 h6 18. N1d2 g5 19. Nc4 Rad8 20. Rab1 d5 21. Ncd2
f5 22. Nb3 c4 23. dxc4 fxe4 24. Rxd5 Qe7 25. Re1 Rde8 26. Nfd4 Nxd4 27. Nxd4 Qf7
28. Nf5 Qg6 29. Rxe4 f3 30. gxf3 Kh8 31. Rxe8 Rxe8 32. Qd3 Rf8 33. Ne7 Qxd3 34.
Rxd3 Rf7 35. Nd5 Bf8 36. Re3 Kg7 37. Kg2 Rb7 38. Re6 Kf7 39. Rc6 Rd7 40. f4 gxf4
41. Kf3 Bd6 42. c5 Bb8 43. Ke4 Rd8 44. Rxh6 Re8+ 45. Kf3 Rc8 46. c6 Be5 47. Ke4
Bg7 48. Rd6 Re8+ 49. Kf3 Be5 50. Rd7+ Ke6 51. Ke4 1-0

[Event "TCh-ESP Div Honor 2015"]
[Site "Linares ESP"]
[Date "2015.08.16"]
[Round "2.4"]
[Board "2"]
[White "Spraggett, Kevin"]
[Black "Adhiban, Baskaran"]
[Result "0-1"]
[WhiteTitle "GM"]
[BlackTitle "GM"]
[WhiteElo "2545"]
[BlackElo "2643"]
[WhiteTeam "Escola d'escacs de Barcelona"]
[BlackTeam "Solvay"]
[WhiteFideId "2600013"]
[BlackFideId "5018471"]
[EventDate "2015.08.15"]

1. c4 e5 2. Nc3 Bb4 3. Nd5 a5 4. a3 Be7 5. d4 exd4 6. Qxd4 Nf6 7. Nxe7 Qxe7 8.
Bg5 Nc6 9. Qc3 Ne5 10. Nf3 d6 11. Nxe5 dxe5 12. Bxf6 Qxf6 13. g3 O-O 14. Bg2 c6
15. O-O Rd8 16. Rfd1 Be6 17. Rxd8+ Qxd8 18. Qxe5 Bxc4 19. Rc1 Be6 20. Qe3 h6 21.
h4 a4 22. Be4 Ra5 23. Bd3 h5 24. Rc3 Qc7 25. Qd4 g6 26. f4 Rd5 27. Qe3 Qd8 28.
Kf2 Rd6 29. Rc5 Bd5 30. Rc1 Qd7 31. Qa7 Bb3 32. Bc4 Rd2 33. Bxb3 axb3 34. Qe3
Rxb2 35. Rc3 Qe6 36. Qxe6 fxe6 37. a4 Kf7 38. Ke3 Ke7 39. Kd3 Kd6 40. a5 c5 41.
Kc4 Rxe2 42. Rxb3 Re4+ 43. Kb5 Kd5 44. Rb1 Rd4 45. Rb2 Rd3 46. Ka4 Rd4+ 47. Ka3
Rd3+ 48. Ka4 Rd1 49. Rxb7 Kc4 50. Ka3 Ra1+ 51. Kb2 Rxa5 52. Rd7 Rb5+ 53. Kc2 Rb3
54. Rd6 Rxg3 55. Rxe6 Rg4 56. Ra6 Rxh4 57. Rxg6 Rxf4 58. Ra6 Rf2+ 59. Kd1 Kb3
60. Rb6+ Kc3 61. Ra6 c4 0-1

[Event "TCh-ESP Div Honor 2015"]
[Site "Linares ESP"]
[Date "2015.08.16"]
[Round "2.4"]
[Board "3"]
[White "Ganguly, Surya Shekhar"]
[Black "Narciso Dublan, Marc"]
[Result "1-0"]
[WhiteTitle "GM"]
[BlackTitle "GM"]
[WhiteElo "2631"]
[BlackElo "2532"]
[WhiteTeam "Solvay"]
[BlackTeam "Escola d'escacs de Barcelona"]
[WhiteFideId "5002150"]
[BlackFideId "2201500"]
[EventDate "2015.08.15"]

1. e4 d6 2. d4 Nf6 3. Nc3 g6 4. Be3 a6 5. a4 Bg7 6. h3 O-O 7. g4 e5 8. d5 a5 9.
Nge2 h5 10. f3 Na6 11. Qd2 Nh7 12. Rg1 h4 13. g5 f6 14. gxf6 Qxf6 15. f4 Nc5 16.
fxe5 Qxe5 17. Bd4 Qe8 18. O-O-O Nxe4 19. Nxe4 Qxe4 20. Nc3 Qxd4 21. Qxd4 Bxd4
22. Rxd4 g5 23. Bd3 Bf5 24. Rxh4 Bxd3 25. cxd3 Rf7 26. Rhg4 Raf8 27. h4 Rf1+ 28.
Rxf1 Rxf1+ 29. Kc2 Rf2+ 30. Kb3 Rf4 31. Rxf4 gxf4 32. Kc4 Nf6 33. d4 Kg7 34. Kd3
Kg6 35. Ke2 Kf5 36. Kf3 Nd7 37. Nb5 Nb6 38. Nxc7 Nxa4 39. Nb5 Nxb2 40. Nxd6+ Kf6
41. Ne4+ Kf7 42. d6 a4 43. h5 a3 44. Nc3 Nc4 45. d7 Ke7 46. h6 Nd6 47. h7 Nf7
48. Kxf4 Kxd7 49. Kf5 b5 50. Kf6 Ke8 51. Na2 1-0

[Event "TCh-ESP Div Honor 2015"]
[Site "Linares ESP"]
[Date "2015.08.16"]
[Round "2.4"]
[Board "4"]
[White "Romero Holmes, Alfonso"]
[Black "Delchev, Aleksander"]
[Result "1/2-1/2"]
[WhiteTitle "GM"]
[BlackTitle "GM"]
[WhiteElo "2451"]
[BlackElo "2604"]
[WhiteTeam "Escola d'escacs de Barcelona"]
[BlackTeam "Solvay"]
[WhiteFideId "2200066"]
[BlackFideId "2900394"]
[EventDate "2015.08.15"]

1. e4 e5 2. Nf3 Nc6 3. Bb5 a6 4. Bxc6 dxc6 5. O-O Qf6 6. d4 exd4 7. Bg5 Qd6 8.
Nxd4 Be7 9. Bxe7 Nxe7 10. Nc3 Bd7 11. Nde2 O-O-O 12. Qd4 Qxd4 13. Nxd4 Bg4 14.
Nb3 b6 15. f3 Be6 16. Nc1 c5 17. Rf2 Nc6 18. N1e2 f6 19. Nf4 Bf7 20. Nfd5 Rd7
21. Ne3 Rhd8 22. Kf1 Nd4 23. a3 Be6 24. g4 h5 25. h3 Nc6 26. Rd1 Rd4 27. Re1
hxg4 28. hxg4 Rh8 29. Kg2 Ne5 30. Ncd5 Bxd5 31. Nxd5 Kb7 32. Nf4 1/2-1/2

[Event "TCh-ESP Div Honor 2015"]
[Site "Linares ESP"]
[Date "2015.08.16"]
[Round "2.4"]
[Board "5"]
[White "Cacho Reigadas, Sergio"]
[Black "Gual Pascual, Antonio"]
[Result "1/2-1/2"]
[WhiteTitle "IM"]
[BlackTitle "IM"]
[WhiteElo "2512"]
[BlackElo "2439"]
[WhiteTeam "Solvay"]
[BlackTeam "Escola d'escacs de Barcelona"]
[WhiteFideId "2202450"]
[BlackFideId "2200589"]
[EventDate "2015.08.15"]

1. d4 g6 2. e4 Bg7 3. c4 d6 4. Ne2 e5 5. Be3 Ne7 6. d5 f5 7. f3 c5 8. Nec3 O-O
9. g4 Nd7 10. g5 a6 11. Nd2 Qe8 12. a4 h6 13. h4 hxg5 14. hxg5 Kf7 15. Qe2 Rh8
16. Rxh8 Qxh8 17. Qg2 f4 18. Bf2 Nf8 19. Rb1 Qh5 20. b4 cxb4 21. Rxb4 Nh7 22.
Rb6 Nxg5 23. Ke2 Bf8 24. Qg1 Ng8 25. c5 Nf6 26. cxd6 Nd7 27. Rb2 Bxd6 28. Bg2 b5
29. Qc1 Qh2 30. Kf1 Nh3 31. Nd1 Bb7 32. Rc2 Nxf2 33. Nxf2 Qh8 34. Bh3 Qd8 35.
Kg2 Ke7 36. Qh1 Nf6 37. Qb1 Rb8 38. axb5 axb5 39. Qxb5 Bxd5 40. Qa4 Bf7 41. Nc4
Bxc4 42. Qxc4 Qg8 43. Qc6 Qe8 44. Qc4 Qg8 45. Qa6 Qb3 46. Rc6 Ne8 47. Qe2 Qb5 1/2-1/2